Library of the University of Algiers 3
Ibrahim Sultan Cheibout
شعار جامعة الجزائر 3
مكتبة جامعة الجزائر 3
إبراهيم سلطان شيبوط

مبادئ الرياضة المالية / (رقم التسجيلة. 45086)

تفاصيل مارك
000 -LEADER
fixed length control field 01356nam a2200205Ia 4500
003 - CONTROL NUMBER IDENTIFIER
control field Ost
005 - DATE AND TIME OF LATEST TRANSACTION
control field 20260507075612.0
008 - FIXED-LENGTH DATA ELEMENTS--GENERAL INFORMATION
fixed length control field 260507s9999||||xx |||||||||||||| ||und||
040 ## - CATALOGING SOURCE
Transcribing agency fsecg
041 ## - LANGUAGE CODE
Language code of text/sound track or separate title ara
082 ## - DEWEY DECIMAL CLASSIFICATION NUMBER
Classification number 657.48
100 ## - MAIN ENTRY--PERSONAL NAME
Personal name درويش، أحمد عبد الله
Relator term مؤلف
245 #0 - TITLE STATEMENT
Title مبادئ الرياضة المالية /
Statement of responsibility, etc. أحمد عبد الله درويش
260 ## - PUBLICATION, DISTRIBUTION, ETC.
Place of publication, distribution, etc. عمان:
Name of publisher, distributor, etc. دار صفاء للنشر والتوزيع,
Date of publication, distribution, etc. 1997
300 ## - PHYSICAL DESCRIPTION
Extent 236 صفحة؛
Other physical details إيضاحات ؛
Dimensions 24 سم
504 ## - BIBLIOGRAPHY, ETC. NOTE
Bibliography, etc. note المراجع ص.236
520 ## - SUMMARY, ETC.
Summary, etc. الفائدة وتطورها وموقف الشرائع السماوية منها، الفائدة البسيطة وتطبيقاتها، سداد الديون قصيرة تأجل، خصم الديون قصيرة الأجل، تسوية الديون واستبدالها، الفائدة المركبة، المعدل الحقيقي المعدل الأسمي للفائدة، القيمة الحالية، خصم الديون الطويلة الأجل، استهلاك القرزض الطويلة الأجل، استهلاك الأصول الثابثة، تعديل الديون الطويلة الأجل واستبدالها، عضو تكوين الأموال، جداول الفائدة، السندات
653 ## - INDEX TERM--UNCONTROLLED
Uncontrolled term المحاسبة التحليلية
942 ## - ADDED ENTRY ELEMENTS (KOHA)
Koha item type كتب
المقتنيات
Withdrawn status Lost status Source of classification or shelving scheme Damaged status Not for loan Home library Current library Date acquired Serial enumeration / chronology Inventory number Total checkouts Full call number Barcode Date last seen Price effective from Koha item type
    Dewey Decimal Classification   NOT LOAN / إعارة داخلية مكتبة كلية العلوم الإقتصادية والعلوم التجارية وعلوم التسيير مكتبة كلية العلوم الإقتصادية والعلوم التجارية وعلوم التسيير 07/05/2026 الطابق الأرضي 618/1   أ/618ن1 618/1 07/05/2026 07/05/2026 كتب

موارد الويب المفتوحة


© University of Algiers 3 All Rights Reserved
|
Implemented by LECHELAH Riad